[Event "Prague Golden Blitz op 19th"]
[Site "Prague"]
[Date "2024.06.27"]
[Round "10"]
[White "Cejka, Jan"]
[Black "Melich, Jindrich"]
[Result "1-0"]
[WhiteElo "1703"]
[BlackElo "1957"]
[PlyCount "64"]
[EventDate "2024.06.27"]
[EventType "swiss (blitz)"]
[EventRounds "11"]
[EventCountry "CZE"]
[SourceTitle "EXT 2025"]
[Source "ChessBase"]
[SourceDate "2024.10.14"]
[SourceVersion "1"]
[SourceVersionDate "2024.10.14"]
[SourceQuality "1"]

1. e4 d6 2. d4 Nf6 3. Nc3 g6 4. h3 c6 5. g4 b5 6. a3 Bb7 7. Bg2 a6 8. f4 Qc7 9. e5 Nd5 10. Nxd5 cxd5 11. Ne2 h5 12. g5 dxe5 13. fxe5 e6 14. 0-0 Be7 15. Ng3 Nc6 16. c3 h4 17. Ne2 a5 18. Qe1 Ba6 19. Qf2 Rh7 20. Re1 Qd8 21. Qf4 Ra7 22. Bd2 Rh5 23. Qf2 Bxg5 24. Rad1 Bxd2 25. Rxd2 Qg5 26. Rd3 b4 27. Rf3 bxa3 28. bxa3 Rb7 29. Rf1 Nd8 30. Re1 Qd2 31. Nf4 Rh7 32. Qxd2 Rh5 1-0

[Event "Prague Golden Blitz op 19th"]
[Site "Prague"]
[Date "2024.06.27"]
[Round "4"]
[White "Cejka, Jan"]
[Black "Rehacek, Oldrich"]
[Result "1-0"]
[WhiteElo "1703"]
[BlackElo "1600"]
[PlyCount "80"]
[EventDate "2024.06.27"]
[EventType "swiss (blitz)"]
[EventRounds "11"]
[EventCountry "CZE"]
[SourceTitle "EXT 2025"]
[Source "ChessBase"]
[SourceDate "2024.10.14"]
[SourceVersion "1"]
[SourceVersionDate "2024.10.14"]
[SourceQuality "1"]

1. e4 e6 2. d4 b6 3. Nc3 Bb7 4. Bd3 Bb4 5. f3 Bxc3+ 6. bxc3 Nf6 7. Bg5 h6 8. Bh4 g5 9. Bf2 d6 10. Bg3 Nh5 11. Ne2 Nd7 12. h4 Nxg3 13. Nxg3 gxh4 14. Ne2 Qf6 15. Qd2 0-0-0 16. a4 Qg5 17. Rg1 Qxd2+ 18. Kxd2 a5 19. Rh1 Rdg8 20. Rag1 c5 21. Rxh4 d5 22. exd5 exd5 23. g3 Rg5 24. Rgh1 c4 25. f4 Rg7 26. Bf5 Kd8 27. Bxd7 Kxd7 28. Rxh6 Rhg8 29. Rxb6 Kc7 30. Rhh6 Rg6 31. Rbxg6 fxg6 32. Rh7+ Kb6 33. Ke3 Bc8 34. Re7 Bg4 35. Ng1 Kc6 36. Nf3 Bxf3 37. Kxf3 Rf8 38. Re6+ Kd7 39. Rxg6 Ke7 40. Ra6 Rf7 1-0

[Event "Prague Golden Blitz op 19th"]
[Site "Prague"]
[Date "2024.06.27"]
[Round "1"]
[White "Cejka, Jan"]
[Black "Rehak, Martin"]
[Result "0-1"]
[WhiteElo "1703"]
[BlackElo "1980"]
[PlyCount "130"]
[EventDate "2024.06.27"]
[EventType "swiss (blitz)"]
[EventRounds "11"]
[EventCountry "CZE"]
[SourceTitle "EXT 2025"]
[Source "ChessBase"]
[SourceDate "2024.10.14"]
[SourceVersion "1"]
[SourceVersionDate "2024.10.14"]
[SourceQuality "1"]

1. d4 Nf6 2. c4 e6 3. Nc3 d5 4. Nf3 b6 5. Bg5 h6 6. Bh4 Be7 7. e3 Bb7 8. Be2 Nbd7 9. 0-0 0-0 10. Qd2 Ne4 11. Nxe4 Bxh4 12. Nxh4 Qxh4 13. Nc3 dxc4 14. Bxc4 Qg5 15. g3 Qh5 16. Be2 Qh3 17. e4 Rad8 18. Bf3 Ne5 19. Qe2 Nxf3+ 20. Qxf3 Rxd4 21. Rad1 e5 22. Nd5 Bxd5 23. exd5 Qg4 24. Qxg4 Rxg4 25. Rfe1 f6 26. Kg2 Rc4 27. Rc1 Rxc1 28. Rxc1 Rf7 29. Kf3 Rd7 30. Rd1 Kf7 31. Ke4 g6 32. f4 exf4 33. Kxf4 Ke7 34. Ke4 Kd6 35. Kd4 Re7 36. Rd2 Re5 37. Rf2 Rxd5+ 38. Ke4 Re5+ 39. Kd3 f5 40. a3 Kd5 41. b4 Re4 42. Kc3 Re3+ 43. Kb2 c5 44. Rd2+ Kc6 45. bxc5 Kxc5 46. Rc2+ Kd5 47. Rd2+ Ke5 48. Rd7 Re2+ 49. Kb3 Rxh2 50. Rxa7 Rh3 51. Ra6 Rxg3+ 52. Kb4 f4 53. Rxb6 f3 54. a4 f2 55. a5 f1Q 56. a6 Qe1+ 57. Kb5 Rb3+ 58. Kc6 Qh1+ 59. Kc7 Qc1+ 60. Kb7 Rxb6+ 61. Kxb6 Qb2+ 62. Ka7 Qd4+ 63. Kb7 Qd5+ 64. Kb8 Qb5+ 65. Ka7 h5 0-1

[Event "Prague Golden Blitz op 19th"]
[Site "Prague"]
[Date "2024.06.27"]
[Round "3"]
[White "Strnadova, Monika"]
[Black "Cejka, Jan"]
[Result "1/2-1/2"]
[WhiteElo "1877"]
[BlackElo "1703"]
[PlyCount "88"]
[EventDate "2024.06.27"]
[EventType "swiss (blitz)"]
[EventRounds "11"]
[EventCountry "CZE"]
[SourceTitle "EXT 2025"]
[Source "ChessBase"]
[SourceDate "2024.10.14"]
[SourceVersion "1"]
[SourceVersionDate "2024.10.14"]
[SourceQuality "1"]

1. d4 Nf6 2. Bf4 d5 3. Nc3 c5 4. Nf3 Nc6 5. e3 cxd4 6. Nxd4 a6 7. Be2 e6 8. 0-0 Be7 9. Re1 Bb4 10. Nxc6 bxc6 11. a3 Bxc3 12. bxc3 Ne4 13. c4 0-0 14. cxd5 cxd5 15. Bd3 Nc5 16. Qh5 Nxd3 17. cxd3 f6 18. d4 Bd7 19. Rec1 Rc8 20. Qe2 Qa5 21. Bd6 Rfe8 22. Bb4 Qb5 23. Qxb5 axb5 24. Bc5 e5 25. Rd1 exd4 26. Bxd4 Rc2 27. Bb6 Be6 28. Rab1 Rec8 29. h3 Ra2 30. Rxb5 Rxa3 31. Rc5 Rxc5 32. Bxc5 Ra8 33. Rb1 Rc8 34. Bd4 Kf7 35. Rb7+ Kg6 36. Kh2 Rd8 37. Kg3 Rd7 38. Rb5 Kf5 39. f3 Kg6 40. h4 h5 41. Kf2 Rc7 42. Rb2 Re7 43. Bc5 Rc7 44. Bd4 Rd7 1/2-1/2

[Event "Prague Golden Rapid op 19th"]
[Site "Prague"]
[Date "2024.06.23"]
[Round "4"]
[White "Cejka, Jan"]
[Black "Novotny, David"]
[Result "0-1"]
[WhiteElo "1777"]
[BlackElo "1966"]
[PlyCount "58"]
[EventDate "2024.06.23"]
[EventType "swiss (rapid)"]
[EventRounds "7"]
[EventCountry "CZE"]
[SourceTitle "EXT 2025"]
[Source "ChessBase"]
[SourceDate "2024.10.14"]
[SourceVersion "1"]
[SourceVersionDate "2024.10.14"]
[SourceQuality "1"]

1. e4 c5 2. d4 cxd4 3. c3 Nf6 4. e5 Nd5 5. cxd4 d6 6. Nf3 Nc6 7. Bc4 dxe5 8. Nxe5 e6 9. Nxc6 bxc6 10. 0-0 Bd6 11. Nc3 Qh4 12. g3 Qe7 13. Ne4 Bc7 14. Qh5 0-0 15. Bd3 g6 16. Qh6 Nb4 17. Bc4 Nc2 18. Rb1 Nxd4 19. Re1 Nf3+ 20. Kf1 Nxe1 21. Bg5 f6 22. Rxe1 fxg5 23. Nxg5 Bb6 24. f4 Rf6 25. Ne4 Rf5 26. Ng5 Rxg5 27. fxg5 Qf7+ 28. Ke2 Qf2+ 29. Kd1 Qd4+ 0-1